Postacie z Biura - nagła śmierć - Statystyki

Ogólne statystyki
  • Ten quiz został rozwiązany 3 razy
  • Średni wynik to 11 z 30
Answers on the Grid
Answers color-coded by a green-red scale on the quiz's grid according to % correct below.
Michael Scott
Dwight Schrute
Jim Halpert
Pam Beesly
Andy Bernard
Phyllis Vance
Kevin Malone
Angela Martin
Stanley Hudson
Oscar Martinez
Erin Hannon
Meredith Palmer
Creed Bratton
Ryan Howard
Darryl Philbin
Kelly Kapoor
Toby Flenderson
Nellie Bertram
Jan Levinson
Gabe Lewis
Holly Flax
Karen Filippeli
Robert California
Clark Green
David Wallace
Pete Miller
DeAngelo Vickers
Roy Anderson
Todd Packer
Charles Miner
Leslie Knope
Ron Swanson
Jake Peralta
Raymond Holt
Phoebe Buffay
Ross Geller
Jonah Simms
Bo Thompson
Manny Delgado
Cameron Tucker
Sheldon Cooper
Brandon Stark
Jane Ives
Mike Wheeler
Roy Kent
Jamie Tartt
Shawn Spencer
Carlton Lassiter
Skyler White
Jesse Pinkman
 
Statystyki odpowiedzi
Odpowiedź % Poprawnych
Creed Bratton
67%
Jan Levinson
67%
Karen Filippeli
67%
Kelly Kapoor
67%
Michael Scott
67%
Oscar Martinez
67%
Stanley Hudson
67%
Todd Packer
67%
Andy Bernard
33%
Angela Martin
33%
Darryl Philbin
33%
David Wallace
33%
DeAngelo Vickers
33%
Robert California
33%
Dwight Schrute
33%
Erin Hannon
33%
Gabe Lewis
33%
Holly Flax
33%
Jim Halpert
33%
Kevin Malone
33%
Meredith Palmer
33%
Nellie Bertram
33%
Pam Beesly
33%
Phyllis Vance
33%
Ryan Howard
33%
Charles Miner
0%
Clark Green
0%
Pete Miller
0%
Roy Anderson
0%
Toby Flenderson
0%
Nie znaleziono quizów pasujących do podanych kryteriów
Rozkład punktacji
Procent ludzi z każdym wynikiem
Percentyl według liczby udzielonych odpowiedzi
Twoja historia wyników
Nie rozwiązałeś tego quizu